| 000 | 00621nam a2200181Ia 4500 | ||
|---|---|---|---|
| 003 | GCL | ||
| 008 | 140319s9999 xx 000 0 ara d | ||
| 040 |
_aGCL / _cGCL |
||
| 082 | 0 | 4 |
_aد _b050 _bد هـ |
| 245 | 1 | 0 | _aالهلال يناير 1997 : حال الثقافة المصرية |
| 260 |
_aالقاهرة : _bدار الهلال للطباعة والنشر ، _c1997 |
||
| 650 | 0 | 4 | _aالهجرة |
| 650 | 0 | 4 | _aالنزاع العربى الاسرائيلى |
| 650 | 0 | 4 | _aالاسلام والسياسة |
| 650 | 0 | 4 | _aمصر - الاحوال السياسية |
| 650 | 0 | 4 | _aمصر - الهجرات |
| 942 |
_2ddc _cCR |
||
| 999 |
_c6750 _d6750 |
||